000 00651nam a2200229Ia 4500
001 dia_7684
003 CHAP
008 220117s1949 xx 000 0 und d
010 _a179122
040 _cCHAP
090 _aF 942 1949
110 _aSecretaría de Economía
_9103545
245 _aNorma oficial de nomenclatura para la definición de términos usados en la industria y el comercio del papel
260 _aMéxico :
_b Secretaría de Economía,
_c1949
300 _a8 p.
901 _aF 942 1949
902 _aM
905 _a0000001949 mx 0000000000spa00
942 _c12
942 _c12
999 _c179122
_d179122